Fondo Financiero Agropecuario : (Registro nro. 8178)

Detalles MARC
000 -LEADER
fixed length control field 01131nam a2200217Ia 4500
003 - CONTROL NUMBER IDENTIFIER
control field OSt
005 - DATE AND TIME OF LATEST TRANSACTION
control field 20210729154054.0
008 - FIXED-LENGTH DATA ELEMENTS--GENERAL INFORMATION
fixed length control field 210310t1987 ck fr 000 0 spa d
020 ## - INTERNATIONAL STANDARD BOOK NUMBER
International Standard Book Number 9589028306
040 ## - CATALOGING SOURCE
Original cataloging agency CO-JMCR
Transcribing agency CO-JMCR
041 0# - LANGUAGE CODE
Language code of text/sound track or separate title spa
082 04 - DEWEY DECIMAL CLASSIFICATION NUMBER
Classification number 332.71 /
Item number B213f
Edition number 23
110 2# - MAIN ENTRY--CORPORATE NAME
Corporate name or jurisdiction name as entry element Banco de la República
9 (RLIN) 14538
245 10 - TITLE STATEMENT
Title Fondo Financiero Agropecuario :
Remainder of title compendio estadístico 1985-1986 /
Statement of responsibility, etc. Banco de la República
260 ## - PUBLICATION, DISTRIBUTION, ETC.
Place of publication, distribution, etc. Bogotá :
Name of publisher, distributor, etc. Banco de la República,
Date of publication, distribution, etc. ©1987
300 ## - PHYSICAL DESCRIPTION
Extent 107 páginas ;
Dimensions 28 cm.
505 0# - FORMATTED CONTENTS NOTE
Formatted contents note Resumen general --Fuentes y usos de recursos -- Créditos aprobados cultivos semestrales -- Créditos aprobados. Otros cultivos semianuales -- Créditos aprobados. Siembras y sostenimiento -- Créditos aprobados. Adecuación e infraestructura -- Créditos aprobados. Maquinaria agrícola -- Créditos aprobados actividades pecuarias -- Créditos: compra de fincas para profesionales del sector agropecuario y resoluciones. Junta monetaria
650 14 - SUBJECT ADDED ENTRY--TOPICAL TERM
Topical term or geographic name entry element Agricultura
9 (RLIN) 16548
Form subdivision Estadísticas
Geographic subdivision Colombia
650 24 - SUBJECT ADDED ENTRY--TOPICAL TERM
Topical term or geographic name entry element Agricultura
General subdivision Aspectos económicos
Geographic subdivision Colombia
9 (RLIN) 7065
942 ## - ADDED ENTRY ELEMENTS (KOHA)
Source of classification or shelving scheme Dewey Decimal Classification
Koha item type Books
Existencias
Withdrawn status Lost status Source of classification or shelving scheme Damaged status Not for loan Collection code Home library Current library Date acquired Source of acquisition Full call number Barcode Date last seen Copy number Koha item type
    Dewey Decimal Classification     Non-fiction Biblioteca Pública José María del Castillo y Rada Biblioteca Pública José María del Castillo y Rada 04/15/2018 Donación 332.71 / B213f 430003322 05/16/2024 Ej.1 Books